Physical chemistry. (Record no. 156953)
[ view plain ]
| 000 -LEADER | |
|---|---|
| fixed length control field | 00694cam4a220022900 4500 |
| 001 - CONTROL NUMBER | |
| control field | qce01833514 |
| 005 - DATE AND TIME OF LATEST TRANSACTION | |
| control field | 20190826084130.0 |
| 008 - FIXED-LENGTH DATA ELEMENTS--GENERAL INFORMATION | |
| fixed length control field | 760525s1955 nyu 000 0 eng |
| 010 ## - LIBRARY OF CONGRESS CONTROL NUMBER | |
| LC control number | 55006771 |
| 035 ## - SYSTEM CONTROL NUMBER | |
| System control number | (Sirsi) r15511 |
| 035 ## - SYSTEM CONTROL NUMBER | |
| System control number | (QCAT)lss01263545 |
| 035 ## - SYSTEM CONTROL NUMBER | |
| System control number | (UPRA)qce01833514 |
| 040 ## - CATALOGING SOURCE | |
| Modifying agency | UPRA |
| 082 ## - DEWEY DECIMAL CLASSIFICATION NUMBER | |
| Classification number | 541 |
| 100 1# - MAIN ENTRY--PERSONAL NAME | |
| Personal name | Kittsley, Scott Loren, 1921- |
| Dates associated with a name | Kittsley, Scott Loren, 1921- |
| Linkage | A72260.1 |
| 245 10 - TITLE STATEMENT | |
| Title | Physical chemistry. |
| 260 ## - PUBLICATION, DISTRIBUTION, ETC. | |
| Place of publication, distribution, etc. | New York : |
| Name of publisher, distributor, etc. | Barnes & Noble, |
| Date of publication, distribution, etc. | [1955] |
| 490 0# - SERIES STATEMENT | |
| Series statement | College outline series ; |
| Volume/sequential designation | 97 |
| Linkage | S1906.1 |
| 650 #0 - SUBJECT ADDED ENTRY--TOPICAL TERM | |
| Topical term or geographic name entry element | Chemistry, Physical and theoretical. |
| Linkage | S517.1 |
| 949 ## - LOCAL PROCESSING INFORMATION (OCLC) | |
| a | QD453 |
| w | lcc |
| i | -10142 |
| m | MAIN |
| t | BOOK |
| l | ON-SHELF |
No items available.